01408cam a2200313 i 450000500170000000800410001701500170005802000150007504000240009004100080011408200180012210000260014024501960016625000640036226000500042630000550047649000340053150000360056565000600060165000460066165000540070765000400076165000490080165000420085070000420089270000340093470000530096874000730102120191224041728.0020823s2001 ck ab r 00010 spa d ack-2001-xxxx a9586980553 ala cladCO-BoIAVH 0 aspa04a599.78bP43g 1 aPérez-Torres, Jairo10aGuía para la conservación del oso andino u oso de anteojos :btremarctos ornatus (F. G. Cuvier, 1825) /cJairo Pérez-Torres ; editado por Henry Yesid Bernal y Claudia Vallejo Londoño. aEdición Henry Yesid Bernal [y] Claudia Vallejo Londoño. aBogotá : bConvenio Andrés Bello, c2001. a51 páginas : bilustraciones y mapas ; c27 cm.00aCiencia y tecnología ;v93 aTítulo tomado de la caratula.14aOsos de anteojosx Distribución geográficavGuías24aOsos de anteojosx Protección.vGuías24aOsos de anteojosx Hábitos y conducta.vGuías24aConservación de especiesvGuías24aConservación de la vida silvestrevGuías24aConservación del hábitatvGuías1 aVallejo Londoño, Claudia, eeditora1 aBernal, Henry Yesid, eeditor1 aRuano Cáceres, Laura Víctoria, eilustradora02aOso andino u oso de anteojos tremarctos ornatus (F. G. Cuvier, 1825)